000 00615nam a2200157Ia 4500
008 100122s9999 xx 000 0 und d
082 _b69377
_a181.4
100 _aभोसले राजन
245 _aओशो विचार मंथन (भोसले/ कुंटे )
260 _bमनोविकास प्रकाशन
_c2005
300 _a224
630 _aओशो विचार मंथन (भोसले/ कुंटे )
700 _aकुंटे माधवी
730 _aओशो विचार मंथन (भोसले/ कुंटे )
942 _cBOOK
999 _c440687
_d440684